| 000 | 00554nam a22001817a 4500 | ||
|---|---|---|---|
| 005 | 20251108170810.0 | ||
| 008 | 250721s9999 xx 000 0 ara d | ||
| 082 | 1 | 4 | _a216.71/ذهب |
| 100 | 1 | _aالذهبي، شمس الدين أبو عبد الله | |
| 245 | 1 | 0 | _aكتاب الكبائر / |
| 264 | 1 |
_aدمشق : _bمنشورات دار النصر، _c[19-]. |
|
| 300 | _a243ص | ||
| 650 | 1 | 7 | _aالفقه الإسلامي |
| 650 | 1 | 7 | _aالكبائر |
| 650 | 1 | 7 | _aالحدود (شريعة إسلامية) |
| 942 |
_2ddc _cBK |
||
| 999 |
_c49260 _d49260 |
||